Corporate financial strategy

Salvato in:
Dettagli Bibliografici
Autore principale: Bender, Ruth
Natura: Libro
Lingua:inglese
Pubblicazione: Abingdon Routledge 2014
Edizione:4th ed.
Soggetti:
Tags: Aggiungi Tag
Nessun Tag, puoi essere il primo ad aggiungerne!!

MARC

LEADER 00000nam a2200000 4500
001 0191567
005 20240312115522.3
020 |a 978-0-415-64041-1 
020 |a 978-0-415-64039-8 
041 0 |a eng 
044 |a GB 
245 1 0 |a Corporate financial strategy  |c Ruth Bender 
250 |a 4th ed. 
264 1 |a Abingdon  |b Routledge  |c 2014 
300 |a xviii, 390 s. 
610 2 0 |a stratégia podniková 
610 2 0 |a politika podniková 
610 2 0 |a politika finančná 
610 2 0 |a plánovanie strategické 
610 2 0 |a financie podnikové 
100 1 |a Bender, Ruth